| 000 | 01272nam a22002657a 4500 | ||
|---|---|---|---|
| 005 | 20170124103059.0 | ||
| 010 | _aA-982203 | ||
| 020 |
_c150.00 _a8173152853 |
||
| 035 | _aA-982203 | ||
| 037 | _bCen Lib/Ret | ||
| 040 |
_aDPL _bHN |
||
| 082 |
_a920 _bरेड्डी |
||
| 100 |
_aरेड्डी, किटटू _976025 |
||
| 245 |
_aवीरों के वीर : _cकिटटू रेड्डी _bभारतीय सेना के बहादुर जवान / |
||
| 246 |
_aVeeron ke veer : bhartiye sena ke bahadur javan / _bby Kittu Reddy |
||
| 260 |
_aनई दिल्ली _bप्रभात प्रकाशन _c1999 |
||
| 270 |
_a4/19 आसफ अली रोड _bनई दिल्ली _e110002 |
||
| 300 |
_a138पृ. : _c20सेमी(सजिल्द) _bसचित्र |
||
| 500 | _aअनुक्रमाणिका शामिल | ||
| 650 |
_aहिन्दी साहित्य _976027 |
||
| 650 |
_aहिन्दी -- जीवनियाँ - परमवीर चक्र विजेता _976028 |
||
| 650 |
_aHindi literature _976030 |
||
| 650 |
_aHindi - Biographies - Param Vir Chakra winner _976033 |
||
| 942 |
_2ddc _cHN _h920 _mरेड्डी |
||
| 999 |
_c117645 _d117645 |
||